| 000 | 01705cam a22004934i 4500 | ||
|---|---|---|---|
| 003 | PE-LiUPU | ||
| 005 | 20250731173438.0 | ||
| 008 | 150617s r 000 0 d | ||
| 020 | _a8475155707 | ||
| 035 | _a(Sirsi) i9788475155708 | ||
| 040 |
_aPE-LiUPU _bspa _cPE-LiUPU _erda |
||
| 049 | _aPRUA | ||
| 082 | 0 | 4 |
_a299.561 _bO73 _221 |
| 100 | 1 |
_aOrtiz, Lourdes, _eautor. |
|
| 245 | 1 | 0 |
_aIse e Izumo : _blos santuarios del sintoísmo / _cLourdes Ortiz. |
| 264 | 1 |
_aMadrid : _bOrbis-Montena, _c1985. |
|
| 300 |
_a138 páginas ; _c29 centímetros |
||
| 336 |
_atext _2rdacontent |
||
| 337 |
_aunmediated _2rdamedia |
||
| 338 |
_avolume _2rdacarrier |
||
| 504 | _aIncluye bibliografía. | ||
| 505 | 0 | _aEl mundo de los Dioses -- Santuarios del antiguo Japón -- El santuario de Ise -- El santuario de Izumo. | |
| 526 | _aSEG42 | ||
| 526 | _aSEG41 | ||
| 526 | _aSEG40 | ||
| 526 | _aSEG39 | ||
| 526 | _aP94 | ||
| 526 | _aP87 | ||
| 526 | _aP86 | ||
| 526 | _aP85 | ||
| 526 | _aP77 | ||
| 526 | _aP76 | ||
| 526 | _aP35 | ||
| 650 | 0 | 4 | _aSintoismo. |
| 700 | 1 |
_aSarasola, Daniel, _eautor. |
|
| 910 |
_ajck _bjvq _cjck _d20150616 |
||
| 942 |
_2ddc _cBOOK |
||
| 949 |
_a299.561 O73 _wDEWEY _c1 _i30110 _lCCODEBUL1 _mBUL _r0 _sY _tBOOK _u2015-4-21 _xTEOLOGIA _PP35 _0COMPRA _o.STAFF. Colección General |
||
| 949 |
_a956.944 O23 _wDEWEY _c1 _i39475 _lCCODEBUL1 _mBUL _r0 _sY _tBOOK _u2015-6-16 _xTEOLOGIA _zUNKNOWN _0COMPRA _o.STAFF. Colección General |
||
| 994 |
_aC0 _bPEPRU |
||
| 596 | _a1 | ||
| 999 |
_a299.561 O73 _wDEWEY _c56628 _i30110 _f2021-11-11 _g5 _lCCODEBUL1 _mBUL _r0 _sY _tBOOK _u2015-4-21 _xTEOLOGIA _PP35 _0COMPRA _o.STAFF. Colección General _d56628 |
||
| 980 |
_81 _gALBERTO SANCHEZ Responsable de Automatización |
||